R.V. Kelkar’s Criminal procedure / (Record no. 5805)

MARC details
000 -LEADER
fixed length control field 00563nam a22001817a 4500
008 - FIXED-LENGTH DATA ELEMENTS--GENERAL INFORMATION
fixed length control field 131030b xxu||||| |||| 00| 0 eng d
020 ## - INTERNATIONAL STANDARD BOOK NUMBER
International Standard Book Number 9-7893-5028-6760
082 ## - DEWEY DECIMAL CLASSIFICATION NUMBER
Edition number 21 ed.
Classification number 345.05
Item number PIL
100 ## - MAIN ENTRY--PERSONAL NAME
Personal name Pillai, K.N Chandrasekharan
245 ## - TITLE STATEMENT
Title R.V. Kelkar’s Criminal procedure /
Statement of responsibility, etc K.N Chandrasekharan Pillai
250 ## - EDITION STATEMENT
Edition statement 5 ed.
260 ## - PUBLICATION, DISTRIBUTION, ETC. (IMPRINT)
Place of publication, distribution, etc Eastern book company :
Name of publisher, distributor, etc Lucknow
Date of publication, distribution, etc 2008
300 ## - PHYSICAL DESCRIPTION
Extent cxliii, 916 P. ;
Dimensions 24 cm.
500 ## - GENERAL NOTE
General note Includes Index
650 ## - SUBJECT ADDED ENTRY--TOPICAL TERM
Topical term or geographic name as entry element Criminal procedure
650 ## - SUBJECT ADDED ENTRY--TOPICAL TERM
Topical term or geographic name as entry element R.V. Kelkar’s Criminal procedure
942 ## - ADDED ENTRY ELEMENTS (KOHA)
Source of classification or shelving scheme Dewey Decimal Classification
Item type Books
Holdings
Withdrawn status Lost status Source of classification or shelving scheme Damaged status Not for loan Home library Current library Shelving location Date acquired Total Checkouts Full call number Barcode Date last seen Copy number Price effective from Koha item type Public note
    Dewey Decimal Classification     Law Development Centre Main Library Law Development Centre Main Library Text Books and Laws 10/30/2013   345.05 PIL 8061/2013 10/30/2013 1 10/30/2013 Books reserve